[Event "1LZ 18/19  Kozolupy - Turnov B"]
[Site "?"]
[Date "2018.10.21"]
[Round "1.1"]
[White "Stocek, Jiri"]
[Black "Simacek, Pavel"]
[Result "1/2-1/2"]
[WhiteElo "2567"]
[BlackElo "2502"]
[PlyCount "154"]
[EventDate "2012.10.15"]
[SourceDate "2012.10.15"]

1. Nf3 d6 2. d4 Nf6 3. c4 g6 4. Nc3 Bg7 5. e4 O-O 6. Be2 e5 7. d5 a5 8. Bg5 Na6
9. Nd2 Qe8 10. a3 Bd7 11. b3 h6 12. Be3 Qc8 13. h3 Ne8 14. g4 Nc5 15. b4 axb4
16. axb4 Rxa1 17. Qxa1 Na6 18. Qa3 f5 19. f3 Nb8 20. c5 h5 21. gxf5 gxf5 22.
Bb5 Bxb5 23. Nxb5 fxe4 24. fxe4 c6 25. Nc3 cxd5 26. Nxd5 Qe6 27. Qb3 Rf7 28.
Nc3 Qxb3 29. Nxb3 Nc6 30. Nd5 Nf6 31. Nxf6+ Rxf6 32. b5 Nd8 33. Ke2 Bh6 34. Rd1
Bxe3 35. Kxe3 Rg6 36. Na5 Kf8 37. cxd6 Rg3+ 38. Kf2 Rxh3 39. Nc4 Rb3 40. Rd5
Rb4 41. Rc5 h4 42. Kg2 b6 43. Rc8 Ke8 44. Nxe5 Rxb5 45. Nc4 Rg5+ 46. Kh3 b5 47.
Nb6 Re5 48. Rc7 Nf7 49. d7+ Ke7 50. d8=Q+ Kxd8 51. Rxf7 Rxe4 52. Nd5 Rd4 53.
Nc7 b4 54. Ne6+ Ke8 55. Rb7 Rc4 56. Ng7+ Kd8 57. Nf5 Rf4 58. Nxh4 Kc8 59. Rb5
Kc7 60. Kg3 Kc6 61. Rb8 Kc7 62. Re8 Rf6 63. Re3 Rb6 64. Rb3 Kc6 65. Nf3 Kb5 66.
Kf2 Ka4 67. Nd2 Rd6 68. Rb2 b3 69. Ke2 Rh6 70. Rb1 Rh3 71. Rg1 b2 72. Kd1 Rh2
73. Rg8 Rxd2+ 74. Kxd2 b1=Q 75. Ra8+ Kb3 76. Rb8+ Ka2 77. Rxb1 Kxb1 1/2-1/2

[Event "1LZ 18/19 Kozolupy - Turnov B"]
[Site "?"]
[Date "2018.10.21"]
[Round "1.2"]
[White "Kraus, Tomas"]
[Black "Sharashenidze, Akaki"]
[Result "0-1"]
[WhiteElo "2451"]
[BlackElo "2354"]
[PlyCount "148"]
[EventDate "2012.10.15"]
[SourceDate "2012.10.15"]

1. e4 d6 2. d4 Nf6 3. Nc3 e5 4. Nf3 Nbd7 5. g3 Be7 6. Bg2 O-O 7. O-O Re8 8. Re1
c6 9. a4 Qc7 10. b3 Nf8 11. Bb2 Bg4 12. dxe5 dxe5 13. h3 Bh5 14. Qc1 Bb4 15.
Qe3 Ne6 16. Ba3 Ba5 17. b4 Bb6 18. Qc1 a5 19. Rb1 Nd4 20. g4 Bg6 21. Nd2 Ne6
22. b5 Nf4 23. Bf1 h5 24. gxh5 N6xh5 25. Nc4 Bd4 26. Ne2 Qd8 27. Nxd4 exd4 28.
e5 Qh4 29. Rb3 cxb5 30. Nd6 Qg5+ 31. Kh2 Rxe5 32. Rxb5 Rxb5 33. axb5 d3 34.
cxd3 Bxd3 35. Re3 Bxf1 36. Qxf1 Rd8 37. Qh1 Nd5 38. Re4 Nhf6 39. Bc1 Qh5 40.
Nxb7 Rb8 41. Nd6 Rb6 42. Nc8 Nxe4 43. Nxb6 Qe5+ 44. f4 Nxf4 45. Nd7 Qd4 46. Qf3
Nd3 47. b6 Nxc1 48. b7 Qb2+ 49. Qg2 Qxb7 50. Nf6+ Kh8 51. Nxe4 Nd3 52. Qg4 Qd5
53. Ng5 Qe5+ 54. Kg2 Qd5+ 55. Kf1 g6 56. Ke2 Kg7 57. h4 Ne5 58. Qg3 Qd4 59. h5
Qg4+ 60. Qxg4 Nxg4 61. hxg6 fxg6 62. Kd3 Kf6 63. Nh7+ Kf5 64. Nf8 Ne5+ 65. Kd4
g5 66. Kd5 g4 67. Ne6 Nf3 68. Ng7+ Kf4 69. Nh5+ Ke3 70. Kc4 Nd4 71. Kc5 Kd3 72.
Nf6 g3 73. Nh5 Ne6+ 74. Kd5 g2 0-1

[Event "1LZ 18/19 Kozolupy - Turnov B"]
[Site "?"]
[Date "2018.10.21"]
[Round "1.3"]
[White "Neuman, Petr"]
[Black "Sodoma, Jan"]
[Result "1-0"]
[WhiteElo "2427"]
[BlackElo "2339"]
[PlyCount "43"]
[EventDate "2012.10.15"]
[SourceDate "2012.10.15"]

1. c4 e5 2. Nc3 Nf6 3. e3 g6 4. Nf3 Nc6 5. d4 d6 6. d5 Ne7 7. e4 Bg7 8. Bg5 Nh5
9. Nd2 h6 10. Bh4 Nf4 11. f3 O-O 12. Bf2 f5 13. g3 Nh5 14. Be2 c5 15. exf5 Nxf5
16. g4 Nh4 17. gxh5 Ng2+ 18. Kf1 Qg5 19. Nde4 Ne3+ 20. Bxe3 Qxe3 21. Kg2 Rf5
22. Qc1 1-0

[Event "1LZ 18/19 Kozolupy - Turnov B"]
[Site "?"]
[Date "2018.10.21"]
[Round "1.4"]
[White "Studnicka, Tomas"]
[Black "Gross, David"]
[Result "1/2-1/2"]
[WhiteElo "2303"]
[BlackElo "2389"]
[PlyCount "107"]
[EventDate "2012.10.15"]
[SourceDate "2012.10.15"]

1. d4 Nf6 2. c4 g6 3. Nc3 Bg7 4. e4 d6 5. Bd3 e5 6. d5 a5 7. Nge2 Na6 8. f3 Bd7
9. Be3 O-O 10. Qd2 c6 11. a3 Nc5 12. Rb1 a4 13. dxc6 Bxc6 14. Bc2 Qc7 15. O-O
Rfd8 16. Rfc1 Qa5 17. Qe1 Nfd7 18. Nd5 Qxe1+ 19. Rxe1 Bxd5 20. cxd5 Rdc8 21.
Nc3 Nb6 22. g4 Bf6 23. Re2 Kg7 24. Kg2 h6 25. Kg3 Bg5 26. Bxc5 Rxc5 27. Bd3 Kf6
28. h3 Ke7 29. Kf2 Nc4 30. Bxc4 Rxc4 31. Rd1 Ra5 32. Rd3 Rac5 33. Na2 Kd7 34.
Rc3 Rxc3 35. Nxc3 b5 36. Rc2 Kc8 37. Ke2 Kb7 38. Kd3 Ka6 39. Na2 Kb6 40. Nb4
Bh4 41. Nc6 Rxc2 42. Kxc2 Bg5 43. Kc3 Bh4 44. Kd2 Bg5+ 45. Kd3 Bh4 46. Kc3 Bg5
47. Nb4 Be3 48. Nd3 Bg5 49. Ne1 Bh4 50. Nd3 Bg5 51. Kc2 Be3 52. Kd1 Bg5 53. Ke2
Bh4 54. Kd2 1/2-1/2

[Event "1LZ 18/19 Kozolupy - Turnov B"]
[Site "?"]
[Date "2018.10.21"]
[Round "1.5"]
[White "Turner, Jan"]
[Black "Kucera, Petr"]
[Result "1/2-1/2"]
[WhiteElo "2348"]
[BlackElo "2260"]
[PlyCount "100"]
[EventDate "2012.10.15"]
[SourceDate "2012.10.15"]

1. b3 d5 2. e3 Nf6 3. Bb2 g6 4. c4 c6 5. Nf3 Bg7 6. Be2 O-O 7. O-O Bg4 8. h3
Bxf3 9. Bxf3 Nbd7 10. d4 Re8 11. cxd5 cxd5 12. Nc3 Nf8 13. Qd3 Qd7 14. Qb5 Red8
15. Rac1 Ne6 16. Qxd7 Rxd7 17. Be2 Rad8 18. Na4 Ne4 19. Bb5 Rc7 20. Rxc7 Nxc7
21. Bd3 Nd6 22. Rc1 Ne6 23. Nc5 Nxc5 24. Rxc5 e6 25. Rc7 Bf8 26. Ba3 Ne8 27.
Rxb7 Bxa3 28. Rxa7 Bd6 29. Kf1 Rb8 30. Ke2 Nc7 31. Kd2 Kf8 32. Kc2 Ra8 33.
Rxa8+ Nxa8 34. Kc3 Ke7 35. a4 Kd8 36. b4 Kc8 37. Bb5 Kb7 38. Be8 Nc7 39. Bxf7
e5 40. b5 Kb6 41. f3 Ka5 42. Kd3 g5 43. dxe5 Bxe5 44. Bxd5 Nxd5 45. Ke4 Nxe3
46. Kxe5 Nxg2 47. Kf5 h6 48. Kg6 Nf4+ 49. Kxh6 Nxh3 50. Kh5 Ng1 1/2-1/2

[Event "1LZ 18/19 Kozolupy - Turnov B"]
[Site "?"]
[Date "2018.10.21"]
[Round "1.6"]
[White "Braun, Marek"]
[Black "Michalek, Jan"]
[Result "0-1"]
[WhiteElo "2227"]
[BlackElo "2248"]
[PlyCount "62"]
[EventDate "2012.10.15"]
[SourceDate "2012.10.15"]

1. d4 Nf6 2. Nf3 d6 3. Nbd2 g6 4. e4 Bg7 5. Bd3 O-O 6. O-O Nc6 7. d5 Nb4 8. Be2
a5 9. a3 Na6 10. Re1 Nc5 11. Bf1 a4 12. Rb1 e6 13. dxe6 Bxe6 14. b4 axb3 15.
cxb3 Re8 16. Qc2 Bg4 17. b4 Ncxe4 18. Nxe4 Rxe4 19. Rxe4 Nxe4 20. Qxe4 Bf5 21.
Qxb7 Bxb1 22. Bc4 h6 23. h3 Rb8 24. Qd5 Qd7 25. Bf4 Qe7 26. Qd2 Kh7 27. b5 Ra8
28. Qc1 Be4 29. Nd2 Bb7 30. Bb3 Bd4 31. Nf1 Qe4 0-1

[Event "1LZ 18/19 Kozolupy - Turnov B"]
[Site "?"]
[Date "2018.10.21"]
[Round "1.7"]
[White "Cesal, Jaroslav"]
[Black "Vltavsky, Vladimir"]
[Result "0-1"]
[WhiteElo "2177"]
[BlackElo "2189"]
[PlyCount "98"]
[EventDate "2012.10.15"]
[SourceDate "2012.10.15"]

1. d4 Nf6 2. Nf3 e6 3. Bg5 c5 4. c3 Be7 5. Bxf6 Bxf6 6. dxc5 Na6 7. e4 Nxc5 8.
e5 Be7 9. b4 Na6 10. Qc2 Nc7 11. Nbd2 d5 12. Bd3 h6 13. O-O O-O 14. Nb3 f5 15.
Nfd4 Bd7 16. f4 Qe8 17. Qe2 Rc8 18. a3 b5 19. Kh1 h5 20. Rg1 g6 21. h3 Kf7 22.
g3 Rh8 23. Ra2 a6 24. Rc2 Qf8 25. Nf3 Qh6 26. Qe3 Qf8 27. Qb6 Qd8 28. Nc5 Rb8
29. Qa5 Qc8 30. a4 Bxc5 31. bxc5 bxa4 32. c4 dxc4 33. Ng5+ Kg7 34. Bxc4 Bc6+
35. Kh2 Nd5 36. Bxa6 Qe8 37. Rd1 Qe7 38. Bc4 Ra8 39. Qe1 Rhd8 40. Ba2 a3 41.
Nf3 Ba4 42. Rdc1 Bxc2 43. Rxc2 Rab8 44. Bxd5 Rxd5 45. Qc3 a2 46. Rxa2 Rxc5 47.
Qe3 Rcb5 48. Qd2 Qb7 49. h4 Qxf3 0-1

[Event "1LZ 18/19 Kozolupy - Turnov B"]
[Site "?"]
[Date "2018.10.21"]
[Round "1.8"]
[White "Marsalek, Zdenek"]
[Black "Folk, Petr"]
[Result "1-0"]
[WhiteElo "2228"]
[BlackElo "2167"]
[PlyCount "69"]
[EventDate "2012.10.15"]
[SourceDate "2012.10.15"]

1. d4 Nf6 2. Nf3 g6 3. g3 Bg7 4. Bg2 O-O 5. O-O d6 6. c4 Nc6 7. h3 a6 8. Nc3 e5
9. Re1 Re8 10. d5 Nb8 11. e4 c5 12. a3 Nbd7 13. Rb1 Rb8 14. Bf1 Rf8 15. b4 Ne8
16. Qc2 h6 17. Be3 Qc7 18. Nh4 b6 19. Rec1 Nef6 20. Rb2 Kh7 21. Rcb1 Ne8 22.
bxc5 Nxc5 23. Bxc5 dxc5 24. Na4 Bf6 25. Nf3 Nd6 26. Nxb6 Rb7 27. Kh2 Bd7 28.
Nxd7 Qxd7 29. Rxb7 Nxb7 30. Qb3 Nd6 31. Bd3 Rc8 32. Qb6 Bd8 33. Nxe5 Qe7 34.
Nc6 Qf6 35. Qxc5 1-0

[Event "1.CLZ 18/19,Neratovice-Kozolupy"]
[Site "Neratovice"]
[Date "2018.11.11"]
[Round "2.1"]
[White "Velicka, Petr"]
[Black "Sharashenidze, Akaki"]
[WhiteElo "2428"]
[BlackElo "2379"]
[Result "1-0"]
[PlyCount "73"]

1. e4 d6 2. d4 Nf6 3. Nc3 e5 4. Nf3 Nbd7 5. Bc4 Be7 6. O-O O-O 7. Re1 a6 8. a4
b6 9. h3 Bb7 10. d5 c6 11. dxc6 Bxc6 12. Bg5 Qc7 13. Bxf6 Nxf6 14. Qd3 Qb7 15.
Rad1 h6 16. Nh4 Nxe4 17. Nxe4 Bxh4 18. Nxd6 Qe7 19. Nf5 Qg5 20. Nxh4 Qxh4 21.
b3 Qg5 22. Bd5 Bxd5 23. Qxd5 Rfe8 24. Qe4 Qe7 25. Rd5 Rac8 26. c4 Rc5 27. Red1
Rxd5 28. Rxd5 f6 29. Qg4 Qe6 30. Qd1 e4 31. Rd6 Qe7 32. Qd4 e3 33. fxe3 b5 34.
axb5 axb5 35. Kf2 bxc4 36. bxc4 Kh8 37. Rd7 {èas} 1-0

[Event "1.CLZ 18/19,Neratovice-Kozolupy"]
[Site "Neratovice"]
[Date "2018.11.11"]
[Round "2.2"]
[White "Neuman, Petr"]
[Black "Rasik, Vitezslav"]
[WhiteElo "2431"]
[BlackElo "2457"]
[Result "1/2-1/2"]
[PlyCount "28"]

1. d4 d6 2. e4 g6 3. c4 Bg7 4. Nc3 Nf6 5. f4 O-O 6. Nf3 c5 7. dxc5 Qa5
8. Bd3 Qxc5 9. Qe2 Nc6 10. Be3 Qa5 11. O-O Bg4 12. Rac1 Nd7 13. Qf2 Bxf3 14.
gxf3 Nc5 1/2-1/2

[Event "1.CLZ 18/19,Neratovice-Kozolupy"]
[Site "Neratovice"]
[Date "2018.11.11"]
[Round "2.3"]
[White "Rubes, Jan"]
[Black "Gross, David"]
[WhiteElo "2320"]
[BlackElo "2388"]
[Result "1-0"]
[PlyCount "123"]

1. d4 Nf6 2. Bf4 g6 3. Nc3 d5 4. e3 Bg7 5. h4 h5 6. Qd2 c6 7. Bd3 Nbd7
8. O-O-O b5 9. f3 b4 10. Nce2 a5 11. e4 dxe4 12. fxe4 Ng4 13. e5 Nb6 14. Nh3
O-O 15. Rhf1 Qd5 16. b3 Ba6 17. Bg5 Bxd3 18. Qxd3 Nxe5 19. dxe5 Qxe5 20. c3
bxc3 21. Qe3 c2 22. Rd4 Qxe3+ 23. Bxe3 Bxd4 24. Bxd4 Nd5 25. Nhf4 a4 26. Nxd5
cxd5 27. b4 e5 28. Bc5 Rfe8 29. Nc3 d4 30. Nd5 Red8 31. Ne7+ Kg7 32. Kxc2 Rd7
33. Nc6 f6 34. Kd3 Re8 35. Re1 Kf7 36. b5 e4+ 37. Kd2 d3 38. Be3 Rb7 39. Rb1
Rc8 40. Nd4 Rc4 41. a3 Ke7 42. b6 Kd7 43. g3 Kc8 44. Rb2 Kd7 45. Nb5 g5 46. Nd4
gxh4 47. gxh4 Rc8 48. Bf4 Rg8 49. Ke3 d2 50. Kxd2 Rg4 51. Ke3 Rxh4 52. Kxe4 Rh3
53. Bc7 Rxa3 54. Rg2 Ra1 55. Rg7+ Ke8 56. Rg8+ Kf7 57. Ra8 a3 58. Nc2 Rc1 59.
Ra7 Rxc2 60. Rxb7 Rc4+ 61. Kd3 a2 62. Kxc4 1-0

[Event "1.CLZ 18/19,Neratovice-Kozolupy"]
[Site "Neratovice"]
[Date "2018.11.11"]
[Round "2.4"]
[White "Turner, Jan"]
[Black "Schula, Michal"]
[WhiteElo "2347"]
[BlackElo "2296"]
[Result "1-0"]
[PlyCount "147"]

1. b3 f5 2. Bb2 Nf6 3. c4 e6 4. Nf3 b6 5. g3 Bb7 6. Bg2 Be7 7. O-O O-O
8. d3 d5 9. Nbd2 c5 10. cxd5 exd5 11. Ne5 Nbd7 12. Ndf3 Bd6 13. d4 Qe7 14. Nxd7
Nxd7 15. e3 Rac8 16. Rc1 a6 17. Qd3 b5 18. dxc5 Nxc5 19. Qd1 b4 20. Nd4 Be5 21.
Qe2 g6 22. Rfd1 Rfd8 23. Rc2 Ne4 24. Rdc1 Qd6 25. Bxe4 fxe4 26. Qg4 Rxc2 27.
Rxc2 Re8 28. Nf5 Qf8 29. Bxe5 Rxe5 30. Nd4 Re7 31. h4 Qf6 32. h5 Kf7 33. hxg6+
hxg6 34. Rc5 Qd6 35. Rc1 Qe5 36. Kg2 Qf6 37. Rh1 Kg7 38. Rc1 Kg8 39. Rc2 Kg7
40. Qf4 Qxf4 41. gxf4 Kf6 42. Rc5 Rg7 43. Kf1 Rh7 44. Ke2 g5 45. fxg5+ Kxg5 46.
Nc2 Kf5 47. Nxb4 Ke5 48. Nc2 Rh8 49. Nd4 Bc8 50. Rc2 Bg4+ 51. Kd2 Rh1 52. Kc3
Rd1 53. Rd2 Rc1+ 54. Kb4 Bh3 55. a4 Bf1 56. Rc2 Rxc2 57. Nxc2 Kd6 58. Kc3 Kc5
59. b4+ Kb6 60. Nd4 a5 61. bxa5+ Kxa5 62. Kb3 Bc4+ 63. Ka3 Bd3 64. Nb3+ Kb6 65.
Kb4 Bc4 66. a5+ Kc6 67. Nc5 Be2 68. a6 Kb6 69. Kc3 Bb5 70. Kd4 Bc6 71. Ne6 Kxa6
72. Nc7+ Kb6 73. Nxd5+ Kb5 74. Nc3+ 1-0

[Event "1.CLZ 18/19,Neratovice-Kozolupy"]
[Site "Neratovice"]
[Date "2018.11.11"]
[Round "2.5"]
[White "Stastny, Jan"]
[Black "Michalek, Jan"]
[WhiteElo "2239"]
[BlackElo "2253"]
[Result "1-0"]
[PlyCount "63"]

1. e4 g6 2. d4 Bg7 3. Nc3 d6 4. f4 Nc6 5. Bb5 a6 6. Bxc6+ bxc6 7. Nf3
Nf6 8. O-O a5 9. h3 Nd7 10. Be3 Nb6 11. b3 c5 12. Qd2 cxd4 13. Bxd4 O-O 14.
Bxg7 Kxg7 15. Rae1 Kg8 16. Nd5 c6 17. Ne3 a4 18. f5 Nd7 19. Ng4 gxf5 20. exf5
f6 21. Qh6 Rf7 22. Qe3 Rg7 23. Nd4 Ne5 24. Nxe5 dxe5 25. Ne2 Qd5 26. Ng3 axb3
27. axb3 Qd4 28. Kh2 Ra2 29. Rf2 Bb7 30. Rd2 Qb4 31. Rd8+ Kf7 32. Qh6 1-0

[Event "1.CLZ 18/19,Neratovice-Kozolupy"]
[Site "Neratovice"]
[Date "2018.11.11"]
[Round "2.6"]
[White "Cesal, Jaroslav"]
[Black "Forman, Stepan"]
[WhiteElo "2167"]
[BlackElo "2276"]
[Result "0-1"]
[PlyCount "102"]

1. d4 f5 2. Nf3 Nf6 3. Bg5 Ne4 4. Bf4 c6 5. c3 d6 6. Nbd2 Qb6 7. Qc2 g6
8. Nxe4 fxe4 9. Nd2 Bf5 10. Nc4 Qc7 11. Ne3 Qd7 12. h4 Bg7 13. Rg1 h5 14. g3
Qe6 15. Bg2 Nd7 16. Qb3 Qxb3 17. axb3 d5 18. O-O-O Nf6 19. Nxf5 gxf5 20. Be5
Kf7 21. f3 Rhg8 22. Bh3 e6 23. Rdf1 Bh6+ 24. Bf4 Bxf4+ 25. gxf4 exf3 26. exf3
Rxg1 27. Rxg1 Rg8 28. Rg5 Nh7 29. Rxh5 Kg6 30. Bg4 Rf8 31. Kd2 fxg4 32. fxg4
Rxf4 33. Re5 Kf7 34. Rh5 Nf6 35. Rh8 Rxg4 36. Rb8 b6 37. Rb7+ Ke8 38. Rxa7 Kd8
39. Ra8+ Kd7 40. Rh8 Rg2+ 41. Kc1 Rh2 42. Kb1 Ne4 43. h5 Nf6 44. h6 b5 45. Ka2
Ng4 46. h7 Nf6 47. Rf8 Nxh7 48. Rh8 Rh3 49. Rg8 Nf6 50. Rg2 Ne4 51. Rc2 b4 0-1

[Event "1.CLZ 18/19,Neratovice-Kozolupy"]
[Site "Neratovice"]
[Date "2018.11.11"]
[Round "2.7"]
[White "Jandourek, Lukas"]
[Black "Folk, Petr"]
[WhiteElo "2230"]
[BlackElo "2150"]
[Result "0-1"]
[PlyCount "56"]

1. d4 Nf6 2. Nf3 g6 3. c4 Bg7 4. Nc3 O-O 5. e4 d6 6. Be2 e5 7. dxe5
dxe5 8. Be3 c6 9. h3 Qe7 10. Qc2 Nbd7 11. O-O-O Nc5 12. Nd2 Be6 13. g4 Rfc8 14.
f3 b5 15. a3 a5 16. cxb5 cxb5 17. Bxb5 Rab8 18. a4 Qc7 19. Kb1 Bf8 20. Rc1 Qb7
21. Qd1 Nfd7 22. Qe2 Nb6 23. Rhd1 Nbxa4 24. Nxa4 Nxa4 25. Rxc8 Bxc8 26. Nb3
Qxb5 27. Qxb5 Rxb5 28. Rd8 Kg7 0-1

[Event "1.CLZ 18/19,Neratovice-Kozolupy"]
[Site "Neratovice"]
[Date "2018.11.11"]
[Round "2.8"]
[White "Turner, Radek"]
[Black "Purnoch, Josef"]
[WhiteElo "2010"]
[BlackElo "2140"]
[Result "0-1"]
[PlyCount "92"]

1. c4 Nf6 2. g3 c5 3. Bg2 d5 4. cxd5 Nxd5 5. Nc3 Nc7 6. Nf3 Nc6 7. O-O
e5 8. Ne1 Bg4 9. Qa4 Qd7 10. Bxc6 bxc6 11. Nd3 f6 12. f4 Qd4+ 13. Rf2 Qxa4 14.
Nxa4 c4 15. Ne1 e4 16. Ng2 Nd5 17. f5 O-O-O 18. Nc3 Bc5 19. e3 Rhe8 20. Nf4
Nxc3 21. bxc3 Bxf5 22. a4 a5 23. Nh5 Bh3 24. Nf4 Bg4 25. h3 Bf3 26. Ba3 Bxa3
27. Rxa3 Rd7 28. Ra2 Rb7 29. Rf1 Kd7 30. Kf2 Reb8 31. Ne2 Rb2 32. Rfa1 Bxe2 33.
Kxe2 Rxa2 34. Rxa2 Rb1 35. Kf2 f5 36. g4 Ke6 37. Kg3 g5 38. gxf5+ Kxf5 39. Kg2
g4 40. hxg4+ Kxg4 41. Rc2 h5 42. Ra2 h4 43. d3 h3+ 44. Kh2 cxd3 45. Rf2 Rc1 46.
Rf4+ Kg5 0-1

[Event "1.CLZ 18/19,Kozolupy-Ceske Budejovice"]
[Site "?"]
[Date "2018.11.25"]
[Round "3.1"]
[White "Stocek, Jiri"]
[Black "Miesbauer, Jan"]
[Result "1-0"]
[WhiteElo "2572"]
[BlackElo "2374"]
[PlyCount "151"]
[EventDate "2018.??.??"]
[SourceDate "2018.11.26"]

1. d4 Nf6 2. c4 g6 3. Nc3 d5 4. Nf3 Bg7 5. cxd5 Nxd5 6. e4 Nxc3 7. bxc3 c5 8.
Be3 O-O 9. Rc1 Qa5 10. Qd2 Bg4 11. Ng5 cxd4 12. cxd4 Qxd2+ 13. Kxd2 Nc6 14. h3
Bd7 15. Nf3 Rac8 16. Rb1 Na5 17. Bd3 f5 18. Ke2 Rc3 19. exf5 Rxd3 20. Kxd3
Bxf5+ 21. Ke2 Bxb1 22. Rxb1 Rc8 23. Kd3 b6 24. Bd2 Nc4 25. Bc3 Bf6 26. a4 Kf7
27. g4 Nd6 28. Bd2 Ke6 29. Re1+ Kd7 30. Bb4 Nc4 31. Re2 a5 32. Bc3 Kd6 33. Nd2
Nxd2 34. Rxd2 Kd5 35. g5 Bxg5 36. Rb2 Bf6 37. Rb5+ Kc6 38. d5+ Kc7 39. Bd2 Be5
40. Be3 Rb8 41. Ke4 Bd6 42. Bd4 Rb7 43. Kf3 Bb4 44. Kf4 Kd7 45. Rxb6 Rxb6 46.
Bxb6 Kd6 47. Ke4 e6 48. dxe6 Kxe6 49. Kd4 Kd6 50. Kc4 Kc6 51. Be3 Bd6 52. Bd2
Bc7 53. f3 Bb6 54. Be1 Bd8 55. Kd4 Kd6 56. Bd2 Bb6+ 57. Ke4 Bd8 58. Be3 Ke6 59.
Bc5 Bc7 60. Ba7 Bd6 61. Bb6 Bb4 62. Kd4 Kf5 63. Bc7 g5 64. Kc4 h5 65. Kb5 h4
66. Bxa5 Bxa5 67. Kxa5 Kf4 68. Kb5 Kxf3 69. a5 Kg3 70. a6 Kxh3 71. a7 g4 72.
a8=Q Kh2 73. Qe4 Kg3 74. Kc4 h3 75. Kd3 Kf2 76. Qf4+ 1-0

[Event "1.CLZ 18/19,Kozolupy-Ceske Budejovice"]
[Site "?"]
[Date "2018.11.25"]
[Round "3.2"]
[White "Lechtynsky, Jiri"]
[Black "Sharashenidze, Akaki"]
[Result "1/2-1/2"]
[WhiteElo "2347"]
[BlackElo "2379"]
[PlyCount "52"]

1. d4 d5 2. Nf3 c6 3. c4 e6 4. cxd5 cxd5 5. Nc3 Nf6 6. Bf4 a6 7. e3 Nc6 8. Bd3
Bd6 9. Bg3 b5 10. Rc1 Bb7 11. Ne5 Na5 12. O-O O-O 13. Bh4 Be7 14. Qf3 Rc8 15.
b3 Nc6 16. Nxc6 Rxc6 17. Nb1 Qb6 18. Qe2 Rfc8 19. Rxc6 Rxc6 20. Nd2 Qc7 21. Nf3
Ne4 22. Bxe7 Qxe7 23. Qb2 f6 24. Rc1 Qc7 25. Rxc6 Qxc6 26. Qc2 a5 1/2-1/2

[Event "1.CLZ 18/19,Kozolupy-Ceske Budejovice"]
[Site "?"]
[Date "2018.11.25"]
[Round "3.3"]
[White "Neuman, Petr"]
[Black "Vybiral, Zdenek"]
[Result "1-0"]
[WhiteElo "2431"]
[BlackElo "2259"]
[PlyCount "74"]

1. c4 c5 2. Nf3 g6 3. d4 cxd4 4. Nxd4 Nc6 5. e4 Bg7 6. Be3 Nf6 7. Nc3 Ng4 8.
Qxg4 Nxd4 9. Qd1 Ne6 10. Rc1 d6 11. Be2 Bd7 12. O-O Bc6 13. f3 O-O 14. b4 b6
15. a3 Qd7 16. Qd2 Rfc8 17. Rfd1 Ba4 18. Re1 Bc6 19. Bf1 h5 20. Nd5 Kh7 21. f4
Nf8 22. f5 e6 23. f6 Bh8 24. Bg5 e5 25. Rc3 Ne6 26. Rh3 Bxd5 27. exd5 Nd4 28.
Be2 b5 29. Bxh5 Kg8 30. Bd1 Rxc4 31. Qf2 Qd8 32. g4 Qb6 33. Kh1 Qb7 34. Qh4
Qxd5+ 35. Kg1 Bxf6 36. Bxf6 Ne2+ 37. Bxe2 Qd4+ 1-0

[Event "1.CLZ 18/19,Kozolupy-Ceske Budejovice"]
[Site "?"]
[Date "2018.11.25"]
[Round "3.4"]
[White "Zeman, Matyas"]
[Black "Turner, Jan"]
[Result "1-0"]
[WhiteElo "2288"]
[BlackElo "2347"]
[PlyCount "91"]

1. e4 Nc6 2. Nf3 d6 3. d4 Nf6 4. Nc3 Bg4 5. Be2 e5 6. d5 Nb8 7. O-O Be7 8. h3
Bc8 9. Be3 c6 10. Nd2 O-O 11. a4 cxd5 12. exd5 Ne8 13. Nc4 Nd7 14. Qd2 f5 15.
f4 g6 16. a5 a6 17. Nb6 Rb8 18. Nxd7 Qxd7 19. Na4 Bd8 20. c4 Nf6 21. Bf3 exf4
22. Bxf4 Ne4 23. Bxe4 fxe4 24. Bh6 Re8 25. Qf4 Qe7 26. Rae1 Bf5 27. g4 Bxa5 28.
Nc3 Bb6+ 29. Kh2 Bd4 30. Qg3 Be5 31. Bf4 Bd7 32. Nxe4 Rf8 33. Bxe5 dxe5 34. g5
Rxf1 35. Rxf1 Bf5 36. Nf6+ Kg7 37. Re1 Rc8 38. Qxe5 Qxe5+ 39. Rxe5 Kf7 40. d6
Be6 41. c5 h6 42. h4 hxg5 43. hxg5 Rh8+ 44. Kg2 Rh4 45. Re4 Bd5 46. Nxd5 1-0

[Event "1.CLZ 18/19,Kozolupy-Ceske Budejovice"]
[Site "?"]
[Date "2018.11.25"]
[Round "3.5"]
[White "Michalek, Jan"]
[Black "Borkovec, Milan"]
[Result "0-1"]
[WhiteElo "2253"]
[BlackElo "2257"]
[PlyCount "140"]
[EventDate "2018.??.??"]

1. e4 e5 2. Nf3 Nc6 3. Bb5 a6 4. Ba4 Nf6 5. d4 exd4 6. O-O Be7 7. Re1 O-O 8. e5
Ne8 9. c3 dxc3 10. Nxc3 d6 11. exd6 Nxd6 12. Nd5 Be6 13. Bxc6 bxc6 14. Nxe7+
Qxe7 15. Ng5 Qd7 16. Nxe6 fxe6 17. Be3 Rab8 18. b3 Rb5 19. Rc1 Rd5 20. Qe2 a5
21. Qa6 Nf5 22. Bc5 Rd8 23. Qxa5 Nd4 24. Qc3 e5 25. h3 h6 26. Re4 Qf5 27. Rce1
Nb5 28. Qc4 Nd6 29. Bxd6 cxd6 30. Qxc6 Rc5 31. Qb6 Rf8 32. R4e2 Qd3 33. Qb4 Rf4
34. Qd2 Rd4 35. Qxd3 Rxd3 36. f3 Kf7 37. Rb2 Rb5 38. Rc1 Rb7 39. Kf2 Ke6 40.
Ke2 Rd4 41. a3 Ra7 42. Ra1 Rb4 43. Raa2 Rb6 44. b4 Rba6 45. Rb3 d5 46. Kd3 Kd6
47. Kc3 g5 48. Ra1 h5 49. Kb2 Ra4 50. Rc3 R4a6 51. Kb3 g4 52. hxg4 hxg4 53. a4
Rb6 54. b5 Rxb5+ 55. axb5 Rxa1 56. fxg4 d4 57. Rc8 Rb1+ 58. Kc2 Rxb5 59. g5 Rb7
60. Rg8 Ke6 61. g4 e4 62. Rf8 Rf7 63. Re8+ Kd5 64. Ra8 Ke5 65. Ra6 Rc7+ 66. Kd1
Kf4 67. g6 Ke3 68. Rf6 Rg7 69. g5 d3 70. Ra6 Rb7 0-1

[Event "1.CLZ 18/19,Kozolupy-Ceske Budejovice"]
[Site "?"]
[Date "2018.11.26"]
[Round "3.6"]
[White "Novotny, Michal"]
[Black "Cesal, Jaroslav"]
[Result "1-0"]
[WhiteElo "2323"]
[BlackElo "2167"]
[PlyCount "161"]

1. e4 g6 2. d4 Bg7 3. Nc3 d6 4. Be3 Nf6 5. Qd2 Nc6 6. d5 Ne5 7. h3 c6 8. g4 b5
9. dxc6 b4 10. Nd5 Nxc6 11. Nxb4 Bd7 12. Nxc6 Bxc6 13. f3 O-O 14. Ne2 Rb8 15.
Nd4 Ba8 16. Bc4 d5 17. exd5 Nxd5 18. Bxd5 Qxd5 19. c3 e5 20. Nb3 Qxf3 21. Rf1
Qg3+ 22. Bf2 Qxh3 23. O-O-O Rbd8 24. Qxd8 Rxd8 25. Rxd8+ Bf8 26. Nd2 Bg2 27.
Re1 Kg7 28. Rxe5 f6 29. Ree8 Ba3 30. Rd7+ Kh6 31. Be3+ g5 32. bxa3 Bc6 33. Rde7
Bxe8 34. Rxe8 Qxg4 35. Ne4 Kg6 36. Bd4 Qf4+ 37. Kc2 Qh2+ 38. Kb3 Qe2 39. Nxf6
Qb5+ 40. Kc2 h5 41. Re5 Qf1 42. Ne4 Qe2+ 43. Kb3 Qd1+ 44. Kb4 Qb1+ 45. Ka5 g4
46. Rg5+ Kf7 47. Rf5+ Ke6 48. Re5+ Kd7 49. Nf6+ Kd6 50. Rxh5 Qxa2 51. Bc5+ Kc6
52. Bb4 Qf7 53. Rc5+ Kb7 54. Nxg4 Qg8 55. Rb5+ Ka8 56. Ne3 Qd8+ 57. Ka4 Qd7 58.
Nd5 Qc6 59. Kb3 Qe6 60. c4 Qh3+ 61. Bc3 Qh7 62. Nc7+ Qxc7 63. Be5 Qd8 64. Rb8+
Qxb8+ 65. Bxb8 Kxb8 66. Kb4 Kb7 67. Kc5 Kc7 68. a4 Kd7 69. Kd5 Kc7 70. c5 Kd7
71. c6+ Kc7 72. Kc5 Kc8 73. Kd6 Kd8 74. a5 Kc8 75. Kc5 Kc7 76. Kb5 Kc8 77. Kc5
Kc7 78. Kd5 Kc8 79. Kd6 Kd8 80. c7+ Kc8 81. Kc6 1-0

[Event "1.CLZ 18/19,Kozolupy-Ceske Budejovice"]
[Site "?"]
[Date "2018.11.26"]
[Round "3.7"]
[White "Folk, Petr"]
[Black "Richtrova, Eliska"]
[Result "1-0"]
[WhiteElo "2150"]
[BlackElo "2189"]
[PlyCount "67"]
[EventDate "2018.??.??"]

1. e4 c6 2. d4 d5 3. exd5 cxd5 4. c4 Nf6 5. Nc3 g6 6. cxd5 Bg7 7. Qb3 O-O 8.
Be2 Nbd7 9. Bf3 Nb6 10. Bf4 Bg4 11. Bxg4 Nxg4 12. Nf3 Nf6 13. d6 exd6 14. O-O
Nh5 15. Bg5 Qd7 16. Rac1 h6 17. Be3 g5 18. Nb5 Rfc8 19. Rxc8+ Nxc8 20. Rc1 a6
21. Nc7 Rb8 22. Nxa6 Ra8 23. Rc7 Qe8 24. Qxb7 Na7 25. Re7 Qc6 26. Rxf7 Rc8 27.
g4 Qc4 28. Rd7 Bf8 29. gxh5 Qe6 30. Qb3 Rc4 31. Rxa7 Qg4+ 32. Kf1 d5 33. Qd3
Bg7 34. Qg6 1-0

[Event "1.CLZ 18/19,Kozolupy-Ceske Budejovice"]
[Site "?"]
[Date "2018.11.26"]
[Round "3.8"]
[White "Olejnicek, Jiri"]
[Black "Turner, Radek"]
[Result "1-0"]
[WhiteElo "1991"]
[BlackElo "2010"]
[PlyCount "125"]

1. e4 e6 2. d4 d5 3. exd5 exd5 4. Bd3 Nc6 5. c3 Bd6 6. Qf3 Nf6 7. Bg5 Bg4 8.
Qxg4 Nxg4 9. Bxd8 Kxd8 10. Nf3 Re8+ 11. Kf1 h6 12. Nbd2 Ne7 13. g3 c6 14. Kg2
Kc7 15. Rhe1 Nf6 16. Re2 Neg8 17. Ne5 Bxe5 18. dxe5 Nd7 19. f4 f6 20. Bg6 Re7
21. Rae1 fxe5 22. fxe5 Rf8 23. g4 Nc5 24. Rf1 Nf6 25. Ree1 Nfd7 26. Rxf8 Nxf8
27. Bc2 Nfd7 28. Nf3 Ne6 29. Bf5 Nf4+ 30. Kg3 Ne6 31. h4 c5 32. g5 hxg5 33.
hxg5 Nef8 34. Kg4 d4 35. cxd4 cxd4 36. e6 Nc5 37. Nxd4 g6 38. Bc2 Kd6 39. Nb5+
Kd5 40. Nxa7 Nfxe6 41. b4 b6 42. bxc5 bxc5 43. Nb5 c4 44. a4 Rf7 45. Nc3+ Kd6
46. Bxg6 Rg7 47. Kf5 Nxg5 48. Kxg5 Kc5 49. Kf6 Ra7 50. Rh1 Ra6+ 51. Kf5 Kb4 52.
Rh3 Rd6 53. Kg5 Rd2 54. Be4 Rb2 55. Kf4 Rb3 56. Ke5 Kc5 57. Bc2 Rb2 58. Rh2 Rb8
59. Bf5 Re8+ 60. Be6 Kb4 61. Rh4 Kxc3 62. Rxc4+ Kd3 63. a5 1-0